| 000 | 00373nam a2200157Ia 4500 | ||
|---|---|---|---|
| 008 | 230917s9999||||xx |||||||||||||| ||und|| | ||
| 040 |
_e47600 _aMAIN |
||
| 041 | _aEnglish | ||
| 082 | _a823.7 D555H:D | ||
| 100 | _aHouse, Humphry | ||
| 245 | 0 | _aDickens world | |
| 250 | _a2nd ed. | ||
| 260 |
_aLondon _bOxford University Press _c1976 |
||
| 300 | _a231 p. | ||
| 942 | _cBK | ||
| 999 |
_c157814 _d157814 |
||